Už teď mi chybíš
Saved in:
| Main Author | |
|---|---|
| Other Authors | , , , , |
| Format | Electronic eBook |
| Language | Czech |
| Published |
Listen
2025
|
| Edition | 1. elektronické vydání |
| Subjects | |
| Online Access | Dostupné v BOOKPORT po přihlášení pomocí eduID |
| ISBN | 978-80-284-0636-3 978-80-284-0321-8 |
| Physical Description | 1 online zdroj (224 stran) |
| LEADER | 00000nam a2200000 i 4500 | ||
|---|---|---|---|
| 001 | bkp593452234 | ||
| 003 | CZ-prgp | ||
| 005 | 20260505113603.0 | ||
| 006 | m o d | ||
| 007 | cr cn | ||
| 008 | 260505s2025 xr o 000 1 cze | ||
| 020 | |a 978-80-284-0636-3 |c 289 Kč |q (online ; epub) | ||
| 020 | |a 978-80-284-0321-8 |c 289 Kč |q (print) | ||
| 040 | |a Grada |b cze |e rda | ||
| 100 | 1 | |a Viktorie, Hanišová | |
| 245 | 1 | 0 | |a Už teď mi chybíš |c Hanišová Viktorie, Bellová Bianca, Mornštajnová Alena, Dvořáková Petra, Klabouchová Petra, Bolavá Anna |
| 250 | |a 1. elektronické vydání | ||
| 264 | 1 | |b Listen |c 2025 | |
| 300 | |a 1 online zdroj (224 stran) | ||
| 336 | |a text |b txt |2 rdacontent | ||
| 337 | |a počítač |b c |2 rdamedia | ||
| 338 | |a online zdroj |b cr |2 rdacarrier | ||
| 520 | 3 | |a Kdo vám kdy v životě nejvíc chyběl? Milena jednoho dne potká svou ztracenou zakázanou lásku z dětství, čtyřicátnice Linda a Věra nacházejí na seznamce nového partnera, Líza i Ruda milují tajně své učitele, Ludvík i Mínka svou velkou celoživotní lásku... Všichni hrdinové povídek zažili nebo zažívají ty silné okamžiky, dokud vztah - jednou opětovaný, jindy platonický -, ještě trvá, ale oni už vědí, že se jednoho dne budou muset rozloučit. Třináct renomovaných autorek a autorů napsalo povídky o tom, jak bolestně nám může chybět ten, koho jsme velmi milovali, ale pak ho vlivem osudových okolností ztratili, ať to byl manžel, milenec, učitel či rodič, a s jakou intenzitou ho budeme postrádat, ať jsme s ním strávili jen pár večerů, anebo celý život. | |
| 650 | 0 | 4 | |a Beletrie |
| 700 | 1 | |a Bellová Bianca | |
| 700 | 1 | |a Mornštajnová Alena | |
| 700 | 1 | |a Dvořáková Petra | |
| 700 | 1 | |a Klabouchová Petra | |
| 700 | 1 | |a Bolavá Anna | |
| 856 | 4 | 0 | |u https://www.bookport.cz/AccountSaml/SignIn/?idp=https://shibboleth.utb.cz/idp/shibboleth&returnUrl=/kniha/uz-ted-mi-chybis-16031/ |y Dostupné v BOOKPORT po přihlášení pomocí eduID |